<?xml version="1.0" encoding="UTF-8"?>
<marc:record xmlns:marc="http://www.loc.gov/MARC21/slim">
   <marc:leader>00000nam a2200000 a 4500</marc:leader>
   <marc:datafield ind1="1" ind2=" " tag="100">
      <marc:subfield code="a">King, Stephen Michael</marc:subfield>
      <marc:subfield code="4">aut</marc:subfield>
      <marc:subfield code="e">Verfasser/-in</marc:subfield>
   </marc:datafield>
   <marc:datafield ind1="0" ind2="0" tag="245">
      <marc:subfield code="a">Mein Papa ist der Größte</marc:subfield>
   </marc:datafield>
   <marc:datafield ind1=" " ind2="1" tag="264">
      <marc:subfield code="b">J.F. Schreiber</marc:subfield>
      <marc:subfield code="c">2017</marc:subfield>
   </marc:datafield>
   <marc:datafield ind1="1" ind2=" " tag="520">
      <marc:subfield code="a">Ein wunderbares Bilderbuch zum Lachen und Kuscheln. Was Papas alles können! Sie sind so GROSS, dass man wunderbar auf ihren Rücken klettern und wieder hinunterrutschen kann. Sie beschützen, hören gut zu und machen Mut. Und mit ihnen kann man den GRÖSSTEN Quatsch machen. Papas sind etwas ganz Besonderes. Und dieses Buch ist für den besten Papa der Welt! Aus dem Englischen übersetzt.</marc:subfield>
   </marc:datafield>
   <marc:datafield ind1=" " ind2=" " tag="020">
      <marc:subfield code="a">9783480233458</marc:subfield>
      <marc:subfield code="9">9783480233458</marc:subfield>
   </marc:datafield>
</marc:record>
